000 01120nam a2200337 a 4500
001 000028711
003 000028711
005 20180220091257.0
007 030
008 110411s 1993 sp a 000 j spa d
020 _a843481613X
040 _aBPMSU
_bspa
_cBPMSU
092 _aXXXX
_bXXXX
100 1 _aOlaizola, José Luis
_d1927-
245 1 0 _aBibiana y su mundo /
_cJosé Luis Olaizola ; ilustraciones Ángel Esteban ; colección dirigida por Marinella Terzi.
250 _a11a. ed.
260 _aMadrid :
_bEdiciones SM,
_c1993.
300 _a134 p. :
_bil. ;
_c19 cm.
490 1 _aEl barco de vapor
_v22
_6Serie Roja
500 _aIncluye datos biográficos del autor del autor en la contracubierta.
521 1 _aA partir de 12 años.
586 _aPremio Barco de Vapor, 1982.
650 _2NOVELA INFANTIL ESPAÑOLA
650 _2LITERATURA INFANTIL ESPAÑOLA
700 1 _aTerzi, Marinella
_edir. colección
700 1 _aEsteban, Ángel
_eill.
830 0 _aEl barco de vapor
_v22
_gSerie Roja
942 _2ddc
_cBK
945 _aInventariado, 2018/ YL
956 _aYLOCKWARD
_b10
_cBPMSU
999 _c8325
_d8325